Statistics for Cricketing Records

Click here to take the quiz!

General Stats

  • This quiz has been taken 10 times
  • The average score is 6 of 15

Answer Stats

DescriptionAnswer% Correct
English batter with the most test runs in a calendar yearJoe Root
100%
Indian batter with the most Test hundredsSachin Tendulkar
90%
Zimbabwean batter (more well known as a coach) with the worst record as captainAndy Flower
70%
Ex-Kiwi batter who is the current coach of EnglandBrendon McCullum
70%
First player to hit a quadruple centuryBrian Lara
70%
Australian batter with the most career matchesRicky Ponting
50%
English bowler who was struck on the nose by a Varun Arun bouncerStuart Broad
50%
Indian bowler with the most test wicketsAnil Kumble
30%
Pakistani batter with the most runs in a calendar yearMohammad Yousuf
30%
Pakistani bowler who is the tallest ever player to play in a test matchMohammed Irfan
20%
Youngest player to retire by choice from Test cricketZafar Ansari
10%
First ever England captainJames Lilywhite
0%
Oldest player to play in the 21st centuryMisbah Ul-Haq
0%
Bangladeshi middle order batter with the most Test catchesMominul Haque
0%
Most recently inducted player into the ICC Hall of FameVirinder Sehweg
0%

Score Distribution

Percentile by Number Answered

Percent of People with Each Score

Your Score History

You have not taken this quiz